| 000 | 00466nam a2200157 i 4500 | ||
|---|---|---|---|
| 001 | 49796 | ||
| 003 | ES-MaACL | ||
| 005 | 20230906162050.0 | ||
| 007 | t| | ||
| 008 | 030723s1956 sp ||||1| spa d | ||
| 100 | 1 |
_aCovaleda, Antonio. _941347 |
|
| 245 | 1 | 0 |
_aGuía de la Alhambra _b: (monumentos y jardines) / _cAntonio Covaleda. |
| 260 |
_aMadrid : _bParaninfo, _c1956. |
||
| 300 |
_a119 p., gráf. pleg. : _bil. ; _c16 cm. |
||
| 852 |
_aES-MaACL _jC-12623 _bR.40354 |
||
| 999 |
_c49796 _d49796 |
||